Politically correct holiday stories /

James Finn Garner reads his humorous revised "politically correct " versions of familiar Christmas tales, such as "The Night Before Solstice," "Rudolph the Nasally-Empowered Reindeer," and others.

Bibliographic Details
Main Author: Garner, James Finn
Format: Cassette Audio Book
Language:English
Published: New York : Simon & Schuster Audio, [1995]
Subjects:

MARC

Tag First Indicator Second Indicator Subfields
LEADER 00000cim a2200000Ia 4500
001 in00001540913
005 20151022054513.0
007 ss lsnjlc-----
008 951002s1995 nyunnn eng d
020 |a 0671534521 :  |c $9.95 
024 1 |a 7671400995 
028 0 2 |a 53452-1  |b Simon & Schuster Audio 
035 |a (OCoLC)ocm33230344 
040 |a EXR  |c EXR  |d DPL  |d VHB  |d TXA  |d UtOrBLW 
049 |a TXAM 
090 |a PS3557.A71667  |b P662 1995 
092 |a 813.54 
100 1 |a Garner, James Finn. 
245 1 0 |a Politically correct holiday stories /  |c James Finn Garner. 
246 1 |i Subtitle on container:  |a For an enlightened yuletide season 
264 1 |a New York :  |b Simon & Schuster Audio,  |c [1995] 
264 4 |c ℗1995 
300 |a 1 sound cassette (90 min.) :  |b analog, Dolby processed. 
336 |a spoken word  |b spw  |2 rdacontent 
337 |a audio  |b s  |2 rdamedia 
338 |a audiocassette  |b ss  |2 rdacarrier 
500 |a Abridged. 
511 0 |a Read by the author. 
508 |a Original music, Lino Sound ; composers/musicians, Louis Lino, Paul Samiljan. 
500 |a Audio adaptation of the book of the same title by James Finn Garner. 
500 |a Running time differs: approx. 90 min. on insert ; approx. 75 min. on container. 
520 |a James Finn Garner reads his humorous revised "politically correct " versions of familiar Christmas tales, such as "The Night Before Solstice," "Rudolph the Nasally-Empowered Reindeer," and others. 
500 |a Sound recording. 
650 0 |a Political correctness  |v Fiction. 
650 0 |a Christmas stories  |v Humor. 
650 0 |a Holidays  |v Fiction. 
650 0 |a Humorous stories, American. 
994 |a E0  |b TXA 
948 |a cataloged  |b h  |c 2000/6/2  |d c  |e jho  |f 5:10:40 pm 
999 |a MARS 
999 f f |s d86b4717-a807-38ba-97cc-53b3af7c626c  |i 5eedb211-738f-398b-8249-f3692955f67a  |t 0 
952 f f |p ric  |a Texas A&M University  |b Rellis Campus  |c Joint Library Facility  |d Remote Storage  |t 0  |e PS3557.A71667 P662 1995  |h Library of Congress classification  |i audio -- audiocassette  |m A14825591552 
998 f f |a PS3557.A71667 P662 1995  |t 0  |l Remote Storage